F1 2025 Fahrer-Bilderquiz Teil 1 - Statistiken

Allgemein
  • Dieses Quiz wurde 89 mal gespielt
  • Das Durchschnittsergebnis liegt bei 8 aus 10
Antwortstatistiken
Bildquiz Antwort % Korrekt
Hülkenberg
95%
Alonso
93%
Bearman
89%
Stroll
87%
Gasly
83%
Hadjar
82%
Ocon
81%
Lawson
78%
Bortoleto
77%
Colapinto
73%
Keine übereinstimmenden Quizze gefunden
Verteilung der Resultate
Anzahl Personen mit jedem Resultat
Perzentil nach korrekt beantworteten Fragen
Ihre Resultats-Entwicklung
Sie haben dieses Quiz noch nicht gespielt